Central Library and Information Centre
Sibsagar Girls' College, Sivasagar : Assam

PRITHIBIR BIBHINNA BHASA (Record no. 7338)

MARC details
000 -LEADER
fixed length control field 00404cam a2200181ua 4500
008 - FIXED-LENGTH DATA ELEMENTS--GENERAL INFORMATION
fixed length control field 121109n1997 II |||gr||||Z||||||asm
040 ## - CATALOGING SOURCE
Original cataloging agency MAIN
041 ## - LANGUAGE CODE
-- English
082 ## - DEWEY DECIMAL CLASSIFICATION NUMBER
Classification number 400 THA
100 ## - MAIN ENTRY--PERSONAL NAME
Personal name THAKUR, NAGEN.
245 ## - TITLE STATEMENT
Title PRITHIBIR BIBHINNA BHASA
250 ## - EDITION STATEMENT
Edition statement 3RD.
260 ## - PUBLICATION, DISTRIBUTION, ETC.
Place of publication, distribution, etc. GUWAHATI
Name of publisher, distributor, etc. JYOTI PRAKASHAN
Date of publication, distribution, etc. 1997
300 ## - PHYSICAL DESCRIPTION
Extent 170:
Dimensions 21CM.
942 ## - ADDED ENTRY ELEMENTS (KOHA)
Koha item type Books
653 ## - INDEX TERM--UNCONTROLLED
Uncontrolled term Language
Holdings
Withdrawn status Lost status Damaged status Not for loan Collection code Home library Current library Shelving location Date acquired Full call number Barcode Date last seen Copy number Price effective from Koha item type Public note Total Checkouts Date due Date last checked out
        TBASM Central Library and Information Centre Sibsagar Girls College Central Library and Information Centre Sibsagar Girls College   05.02.1997 491.451 14838 27.02.2020 1 27.02.2020 Books        
        TBASM Central Library and Information Centre Sibsagar Girls College Central Library and Information Centre Sibsagar Girls College ASSAMESE BOOK RACK 05.02.1997 491.451 14839 27.02.2020 2 27.02.2020 Books V      
        TBASM Central Library and Information Centre Sibsagar Girls College Central Library and Information Centre Sibsagar Girls College ASSAMESE BOOK RACK 23.06.1998 491.451 15757 09.02.2026 3 27.02.2020 Books V 2 11.03.2026 09.02.2026


Sibsagar Girl's College © 2020. All rights reserved.
Powered by Koha.
Maintained by Abhijit Borpuzari.